[Event "Montigny le Bretonneux-C 4th"]
[Site "Montigny le Bretonneux"]
[Date "2005.10.27"]
[Round "9"]
[White "Hajji, Yacine"]
[Black "Rivier, Sylvain"]
[Result "0-1"]
[WhiteElo "1320"]
[BlackElo "1640"]
[PlyCount "122"]
[EventDate "2005.10.22"]
[EventType "tourn"]
[EventRounds "9"]
[EventCountry "FRA"]
[SourceTitle "EXT 2008"]
[Source "ChessBase"]
[SourceDate "2007.11.25"]
[SourceVersion "1"]
[SourceVersionDate "2007.11.25"]
[SourceQuality "1"]

1. e4 e6 2. d4 d5 3. e5 c5 4. Nc3 cxd4 5. Qxd4 Nc6 6. Qf4 Bd7 7. Nf3 Nge7 8. Bb5 Ng6 9. Qe3 Bb4 10. 0-0 0-0 11. a3 Ba5 12. Re1 Rc8 13. Bd2 Bb6 14. Qd3 Bc7 15. Bxc6 Bxc6 16. Rad1 Bb6 17. Be3 Bxe3 18. Qxe3 a6 19. Qg5 Qxg5 20. Nxg5 Rfd8 21. Nf3 Rc7 22. Rd2 Rcd7 23. Nb1 d4 24. h3 Bxf3 25. gxf3 Rd5 26. Re4 Kf8 27. c4 Rxe5 28. Rdxd4 Rxd4 29. Rxd4 Re1+ 30. Kg2 Rxb1 31. b4 Ke7 32. c5 Rb3 33. Rd6 Rxa3 34. Rb6 Nf4+ 35. Kh2 Rd3 36. Rxb7+ Rd7 37. Rb6 Nd5 38. b5 Nxb6 39. c6 Ra7 40. bxa6 Rxa6 41. c7 Kd7 42. Kg3 Nd5 43. f4 Kxc7 44. Kg4 Nf6+ 45. Kg3 Kd6 46. f3 Ra4 47. h4 Nh5+ 48. Kg4 Nxf4 49. Kg5 Nh3+ 50. Kh5 g6+ 51. Kh6 Rxh4+ 52. Kg7 Ng5 53. Kg8 f5 54. Kg7 e5 55. Kf6 Nxf3 56. Kg7 e4 57. Kf7 e3 58. Kf6 e2 59. Kg7 e1Q 60. Kg8 Qe7 61. Kh8 Qf8# 0-1